Transmisión Digital de Información. Suarez Vargas.
"Transmisión Digital de Información" es un libro escrito por el Ing. Francisco C. Suárez Vargas, que ofrece una guía completa y actualizada sobre los fundamentos de la transmisión digital de información. El libro está diseñado para estudiantes de electrónica y sistemas de información, así...
| Autor principal: | |
|---|---|
| Formato: | Desconocido |
| Idioma: | Indeterminado |
| Publicado: |
2020-04-28 01:29:56
|
| Acceso en línea: | Texto completo |
MARC
| LEADER | 00000 a2200000 4500 | ||
|---|---|---|---|
| 001 | ALPHAC_63291 | ||
| 003 | XX-XxUND | ||
| 008 | s2020 xx |||||||||||| ||||und d | ||
| 020 | |a 9789875723634 | ||
| 035 | |a 9789875723634 | ||
| 100 | 1 | |a Francisco Cesas Suarez Vargas |e author | |
| 245 | 1 | |a Transmisión Digital de Información. Suarez Vargas. | |
| 260 | |c 2020-04-28 01:29:56 | ||
| 300 | |a 228 | ||
| 520 | |a "Transmisión Digital de Información" es un libro escrito por el Ing. Francisco C. Suárez Vargas, que ofrece una guía completa y actualizada sobre los fundamentos de la transmisión digital de información. El libro está diseñado para estudiantes de electrónica y sistemas de información, así como para cualquier lector interesado en los fundamentos de las comunicaciones digitales. | ||
| 754 | 1 | |a category |c Ingenierías | |
| 856 | 4 | |u https://alphaeditorialcloud.uam.elogim.com/reader/e-tx-digital-de-info-v20190902-opti-a |z Texto completo | |


